Essential bioinformatics / (Record no. 612303)

000 -LEADER
fixed length control field 02162cam a22004214a 4500
001 - CONTROL NUMBER
control field 14138214
003 - CONTROL NUMBER IDENTIFIER
control field NUST
005 - DATE AND TIME OF LATEST TRANSACTION
control field 20241113121803.0
008 - FIXED-LENGTH DATA ELEMENTS--GENERAL INFORMATION
fixed length control field 051007s2006 nyua b 001 0 eng
010 ## - LIBRARY OF CONGRESS CONTROL NUMBER
LC control number 2005029453
016 7# - NATIONAL BIBLIOGRAPHIC AGENCY CONTROL NUMBER
Record control number 101259074
Source DNLM
020 ## - INTERNATIONAL STANDARD BOOK NUMBER
International Standard Book Number 0521840988 (hardback)
020 ## - INTERNATIONAL STANDARD BOOK NUMBER
International Standard Book Number 0521600820 (pbk.)
020 ## - INTERNATIONAL STANDARD BOOK NUMBER
International Standard Book Number 9780521840989
020 ## - INTERNATIONAL STANDARD BOOK NUMBER
International Standard Book Number 9780521600828
035 ## - SYSTEM CONTROL NUMBER
System control number (OCoLC)ocm62078278
040 ## - CATALOGING SOURCE
Original cataloging agency DNLM/DLC
Transcribing agency DLC
Modifying agency YDX
-- NLM
-- BAKER
-- IXA
-- DLC
042 ## - AUTHENTICATION CODE
Authentication code pcc
050 00 - LIBRARY OF CONGRESS CALL NUMBER
Classification number QH324.2
Item number .X56 2006
060 00 - NATIONAL LIBRARY OF MEDICINE CALL NUMBER
Classification number 2006 E-519
060 10 - NATIONAL LIBRARY OF MEDICINE CALL NUMBER
Classification number QU 26.5
Item number X6e 2006
082 00 - DEWEY DECIMAL CLASSIFICATION NUMBER
Classification number 572.80285
Edition number 22
100 1# - MAIN ENTRY--PERSONAL NAME
Personal name Xiong, Jin.
9 (RLIN) 126910
245 10 - TITLE STATEMENT
Title Essential bioinformatics /
Statement of responsibility, etc. Jin Xiong.
260 ## - PUBLICATION, DISTRIBUTION, ETC.
Place of publication, distribution, etc. New York :
Name of publisher, distributor, etc. Cambridge University Press,
Date of publication, distribution, etc. 2006.
300 ## - PHYSICAL DESCRIPTION
Extent xi, 339 p. :
Other physical details ill. (some col.) ;
Dimensions 27 cm.
504 ## - BIBLIOGRAPHY, ETC. NOTE
Bibliography, etc. note Includes bibliographical references and index.
505 0# - FORMATTED CONTENTS NOTE
Formatted contents note Introduction to biological databases -- Pairwise sequence alignment -- Database similarity searching -- Multiple sequence alignment -- Profiles and hidden Markov models -- Protein motifs and domain prediction -- Gene prediction -- Promoter and regulatory element prediction -- Phylogenetics basics -- Phylogenetic tree construction methods and programs -- Protein structure basics -- Protein structure visualization, comparision, and classification -- Protein secondary structure prediction -- Protein tertiary structure prediction -- RNA structure prediction -- Genome mapping, assembly, and comparison -- Functional genomics -- Proteomics.
650 #0 - SUBJECT ADDED ENTRY--TOPICAL TERM
Topical term or geographic name entry element Bioinformatics.
9 (RLIN) 13954
650 12 - SUBJECT ADDED ENTRY--TOPICAL TERM
Topical term or geographic name entry element Computational Biology.
9 (RLIN) 957
700 ## - ADDED ENTRY--PERSONAL NAME
Relator code Catalouge by Rani Shaista Kanwal
856 41 - ELECTRONIC LOCATION AND ACCESS
Materials specified Table of contents only
Uniform Resource Identifier <a href="http://www.loc.gov/catdir/toc/ecip061/2005029453.html">http://www.loc.gov/catdir/toc/ecip061/2005029453.html</a>
856 42 - ELECTRONIC LOCATION AND ACCESS
Materials specified Publisher description
Uniform Resource Identifier <a href="http://www.loc.gov/catdir/enhancements/fy0659/2005029453-d.html">http://www.loc.gov/catdir/enhancements/fy0659/2005029453-d.html</a>
856 42 - ELECTRONIC LOCATION AND ACCESS
Materials specified Contributor biographical information
Uniform Resource Identifier <a href="http://www.loc.gov/catdir/enhancements/fy0733/2005029453-b.html">http://www.loc.gov/catdir/enhancements/fy0733/2005029453-b.html</a>
906 ## - LOCAL DATA ELEMENT F, LDF (RLIN)
a 7
b cbc
c orignew
d 1
e ecip
f 20
g y-gencatlg
942 ## - ADDED ENTRY ELEMENTS (KOHA)
Source of classification or shelving scheme
Koha item type Book
Holdings
Withdrawn status Lost status Source of classification or shelving scheme Damaged status Not for loan Permanent Location Current Location Shelving location Date acquired Source of acquisition Total Checkouts Full call number Barcode Date last seen Price effective from Koha item type
          Atta-ur-Rahman School of Applied Biosciences (ASAB) Atta-ur-Rahman School of Applied Biosciences (ASAB) Book Cart 11/13/2024 Purchase   572.80285 ESS 2006 3498 ASAB3498 12/03/2025 11/13/2024 Book
© 2023 Central Library, National University of Sciences and Technology. All Rights Reserved.